| 000 | 00343nam a22001337a 4500 | ||
|---|---|---|---|
| 020 | _qHB. | ||
| 040 | _cFIZZA ISHAQ | ||
| 082 |
_a519.5 _bFRE |
||
| 100 |
_a Freedman, David. _9103434 |
||
| 245 |
_aStatistics / _cDavid Freedman. |
||
| 260 |
_a New York : _bNorton, _c1978. |
||
| 300 |
_a xviii, 578, 123 s. : ill. ; _c 27 cm |
||
| 942 |
_2ddc _cBK |
||
| 999 |
_c617042 _d617042 |
||